Karnataka muslim janapada. (Record no. 104407)
[ view plain ]
| 000 -LEADER | |
|---|---|
| fixed length control field | 00653nam a2200217Ia 4500 |
| 003 - CONTROL NUMBER IDENTIFIER | |
| control field | OSt |
| 005 - DATE AND TIME OF LATEST TRANSACTION | |
| control field | 20250829121033.0 |
| 008 - FIXED-LENGTH DATA ELEMENTS--GENERAL INFORMATION | |
| fixed length control field | 210210b2000 xxu||||| |||| 00| 0 eng d |
| 020 ## - INTERNATIONAL STANDARD BOOK NUMBER | |
| International Standard Book Number | 81 7713 048 X |
| 040 ## - CATALOGING SOURCE | |
| Transcribing agency | AL |
| 041 ## - LANGUAGE CODE | |
| Language code of text/sound track or separate title | Kannada |
| 082 ## - DEWEY DECIMAL CLASSIFICATION NUMBER | |
| Classification number | 398.2K SHAK |
| 100 ## - MAIN ENTRY--PERSONAL NAME | |
| Personal name | SHAHASINA BEGAM. |
| Dates associated with a name | ಷಹಸೀನಾ ಬೇಗಂ |
| 9 (RLIN) | 237607 |
| 245 ## - TITLE STATEMENT | |
| Title | Karnataka muslim janapada. |
| Remainder of title | ಕರ್ನಾಟಕ ಮುಸ್ಲಿಂ ಜಾನಪದ |
| 260 ## - PUBLICATION, DISTRIBUTION, ETC. | |
| Place of publication, distribution, etc. | Bengaluru. |
| Name of publisher, distributor, etc. | Kannada Pustaka Pradikara., |
| Date of publication, distribution, etc. | 2000 |
| 300 ## - PHYSICAL DESCRIPTION | |
| Extent | viii,220 |
| 650 ## - SUBJECT ADDED ENTRY--TOPICAL TERM | |
| Topical term or geographic name entry element | Karnatakak Muslim Janapada |
| 9 (RLIN) | 237608 |
| 690 ## - LOCAL SUBJECT ADDED ENTRY--TOPICAL TERM (OCLC, RLIN) | |
| Topical term or geographic name as entry element | Folklore |
| 9 (RLIN) | 237609 |
| 906 ## - LOCAL DATA ELEMENT F, LDF (RLIN) | |
| a | 056697 |
| 942 ## - ADDED ENTRY ELEMENTS (KOHA) | |
| Source of classification or shelving scheme | Dewey Decimal Classification |
| Koha item type | Book |
| Withdrawn status | Lost status | Source of classification or shelving scheme | Damaged status | Not for loan | Collection code | Home library | Current library | Shelving location | Date acquired | Source of acquisition | Cost, normal purchase price | Total Checkouts | Full call number | Barcode | Date last seen | Uniform Resource Identifier | Price effective from | Koha item type |
|---|---|---|---|---|---|---|---|---|---|---|---|---|---|---|---|---|---|---|
| Dewey Decimal Classification | Others | St Aloysius Library | St Aloysius Library | 02/17/2021 | Kannada Pustaka Pradikara, Bengaluru. | 60.00 | 398.2K SHAK | 056697 | 02/17/2021 | https://kanaja.karnataka.gov.in/ebook/wp-content/uploads/2020/PDF/karnaataka_muslim_jaanapada.pdf | 02/17/2021 | Book |